000 00308nam a22001217a 4500
008 240711b |||||||| |||| 00| 0 eng d
020 _a81-88327-73-5
100 _aM. Chopra
245 _aThe Bharatiya Nyaya Sanhita, 2023
260 _aDelhi
_bCapital Law Infotech
_c2024
300 _a209
942 _2ddc
_cBK
999 _c20763
_d20763